Atomic and nuclear chemistry /

Bibliographic Details
Main Author: Peacocke, T. A. H. (Thomas Arthur Hardy)
Format: Book
Language:English
Published: Oxford, New York : Pergamon Press, [1967-]
Edition:[1st ed.].
Series:Commonwealth and international library.
Subjects:

MARC

Tag First Indicator Second Indicator Subfields
LEADER 00000cam a2200000 4500
001 in00000696331
005 20151016052443.0
008 730124m19679999enka 00010 eng
010 |a  67024312  
035 |a (OCoLC)00545510 
035 |9 ADB6648AM 
040 |a DLC  |c WSU  |d OCL  |d TXA  |d UtOrBLW 
049 |a TXAM  |v 1 [1205454] 
050 0 0 |a QD461  |b .P4 
082 0 |a 541/.38 
100 1 |a Peacocke, T. A. H.  |q (Thomas Arthur Hardy) 
245 1 0 |a Atomic and nuclear chemistry /  |c by T. A. H. Peacocke. Foreword by D. F. Shaw. 
250 |a [1st ed.]. 
264 1 |a Oxford,  |a New York :  |b Pergamon Press,  |c [1967-] 
300 |a  volumes :  |b illustrations ;  |c 20 cm. 
336 |a text  |b txt  |2 rdacontent 
337 |a unmediated  |b n  |2 rdamedia 
338 |a volume  |b nc  |2 rdacarrier 
490 1 |a Commonwealth and international library. Intermediate chemistry division 
505 0 |a v. 1. Atomic theory and structure of the atom. 
650 0 |a Atomic theory. 
650 0 |a Radiochemistry. 
830 0 |a Commonwealth and international library. 
999 |a MARS 
999 f f |s 8deb842f-d528-3d58-8e2b-0761e6528f72  |i 5f16421d-a715-35a7-b760-659c55233519  |t 0 
952 f f |p normal  |a Texas A&M University  |b College Station  |c Sterling C. Evans Library  |d Evans: Library Stacks  |t 0  |e QD461 .P4  |h Library of Congress classification  |i unmediated -- volume  |m A14804711066 
998 f f |a QD461 .P4  |s v1  |t 0  |l Evans: Library Stacks